Service offerings and agreements a guide for ITIL exam candidates

Ebook from IG Library

Gardado en:
Detalles Bibliográficos
Autor Principal: Griffiths, Richard
Formato: Libro
Idioma:Undetermined
Publicado: BCS Learning & Development Ltd 2014
Những chủ đề:
Acceso en liña:http://lrc.tdmu.edu.vn/opac/search/detail.asp?aID=2&ID=38652
Các nhãn: Engadir etiqueta
Sen Etiquetas, Sexa o primeiro en etiquetar este rexistro!
Thư viện lưu trữ: Trung tâm Học liệu Trường Đại học Thủ Dầu Một
LEADER 00729nam a2200193Ia 4500
001 TDMU_38652
008 210410s9999 xx 000 0 und d
082 |a 658.403 8011 
100 |a Griffiths, Richard 
245 0 |a Service offerings and agreements 
245 2 |b a guide for ITIL exam candidates 
245 0 |c Richard Griffiths 
260 |b BCS Learning & Development Ltd 
260 |c 2014 
300 |a 262Pages 
520 |a Ebook from IG Library  
650 |a Computing & information technology; Khoa học máy tính; Công nghệ thông tin  |x Dịch vụ  |x Quản lý 
856 |u http://lrc.tdmu.edu.vn/opac/search/detail.asp?aID=2&ID=38652 
980 |a Trung tâm Học liệu Trường Đại học Thủ Dầu Một